00418nam a2200157Ia 4500003000400000008004100004040001600045082001700061100002100078245007300099260004700172300000900219650000900228650001300237650001000250GCL140319s9999 xx 000 0 eng d aGCL / cGCL04a741.942bP E1 aPECIRKA, JAROMIR10aEDGAR DEGAS: PASTELS, LAVIS, GOUACHES ESQUISSES / cPECIRKA, JAROMIR a[S.N] : bEDITIONS CERCLED D'ART ، c1987 a68 P04aARTS04aPAINTING04aDEGAS